Central Library OPAC University of Rajshahi

শামসুজ্জোহা স্মারকগ্রন্থ / (Record no. 63698)

MARC details
000 -LEADER
fixed length control field 01185nam a2200265 a 4500
001 - CONTROL NUMBER
control field 63698
003 - CONTROL NUMBER IDENTIFIER
rucl marc code BD-RjUL
005 - DATE AND TIME OF LATEST TRANSACTION
control field 20211209081226.0
008 - FIXED-LENGTH DATA ELEMENTS--GENERAL INFORMATION
fixed length control field 170202s2010 bg ||||| |||| 00| 0 ben d
020 ## - INTERNATIONAL STANDARD BOOK NUMBER
International Standard Book Number 984323541
Terms of availability : TK 185.00
035 ## - SYSTEM CONTROL NUMBER
System control number (BD-RjUL) 63827
040 ## - CATALOGING SOURCE
Original cataloging agency BD-RjUL
Language of cataloging ben
Transcribing agency BD-RjUL
041 ## - LANGUAGE CODE
Language code of text/sound track or separate title ben
082 ## - DEWEY DECIMAL CLASSIFICATION NUMBER
Edition number 23
Classification number 370.92
Author mark and year SHS 2010
100 ## - MAIN ENTRY--PERSONAL NAME
Personal name শামসুজ্জোহা
9 (RLIN) 189147
245 10 - TITLE STATEMENT
Title শামসুজ্জোহা স্মারকগ্রন্থ /
Statement of responsibility, etc. শামসুজ্জোহা
260 ## - PUBLICATION, DISTRIBUTION, ETC. (IMPRINT)
Place of publication, distribution, etc. ঢাকা :
Name of publisher, distributor, etc. প্রাধ্যক্ষ, শামসুজ্জোহা হল,
Date of publication, distribution, etc. ২০১০
300 ## - PHYSICAL DESCRIPTION
Pagination ১৫৩ পৃ. ;
Size ২১ সেমি.
600 ## - SUBJECT ADDED ENTRY--PERSONAL NAME
Personal name শামসুজ্জোহা, মুহাম্মদ
General subdivision শিক্ষাবিদ
-- জীবনী
Titles and other words associated with a name Shamsuzzoha, Muhammad
General subdivision Educators
-- Biography
650 ## - SUBJECT ADDED ENTRY--TOPICAL TERM
Topical term or geographic name as entry element শিক্ষাবিদ
Geographic subdivision বাংলাদেশ
General subdivision জীবনী
9 (RLIN) 240287
Topical term or geographic name as entry element Educators
Geographic subdivision Bangladesh
General subdivision Biography
9 (RLIN) 240288
700 ## - ADDED ENTRY--PERSONAL NAME
Personal name খালেদ, মর্ত্তুজা, সম্পাদক
942 ## - ADDED ENTRY ELEMENTS (KOHA)
Source of classification or shelving scheme Dewey Decimal Classification
Koha item type Books
Holdings
Lost status Source of classification or shelving scheme Damaged status Not for loan Collection code Permanent Location Current Location Shelving location Date acquired Source of acquisition Cost, normal purchase price Total Checkouts Full call number Date last seen Copy number Koha item type
  Dewey Decimal Classification   Not For Loan Non-fiction Central Library, University of Rajshahi Central Library, University of Rajshahi Reading Room 22/03/2010 Shahid Shasizzoha Hall, R.U. 185.00   B 370.92 SHS 2010 02/02/2017 C-1 Books